000
00270nam a2200109Ia 4500
008
220204s9999 xx 000 0 und d
082
_a
912(084.3)(100)
_b
PHI
245
0
_a
Philip's new world atlas
250
_a
Ed.3
260
_a
London
_b
George Philip
_c
1980
942
_c
BK
999
_c
36429
_d
36429